Financovanie štátneho dlhu a rating krajiny bakalárska práca

Enregistré dans:
Détails bibliographiques
Auteur principal: Pán, Tomáš
Collectivité auteur: Fakulta podnikového manažmentu EU. Katedra podnikových financií
Autres auteurs: Kmeťko, Miroslav, 1969-
Format: Livre
Langue:slovaque
Publié: Bratislava 2012
Tags: Ajouter un tag
Pas de tags, Soyez le premier à ajouter un tag!

MARC

LEADER 00000nbm a2200000 4500
001 0158741
005 20161109112007.5
041 0 |a slo 
044 |a SK 
245 1 0 |a Financovanie štátneho dlhu a rating krajiny  |b bakalárska práca  |c Tomáš Pán ; školiteľ: Miroslav Kmeťko 
264 1 |a Bratislava  |c 2012 
300 |a 49 s. 
100 1 |a Pán, Tomáš 
700 1 |a Kmeťko, Miroslav, 1969- 
710 2 |a Fakulta podnikového manažmentu EU. Katedra podnikových financií